[Event "Portugal tch 2012 - Fase final"]
[Site "Matosinhos POR"]
[Date "2012.07.26"]
[Round "6.3"]
[White "Rubio Mejía, Luis"]
[Black "Rodrigues, Afonso"]
[Result "1-0"]
[WhiteElo "2428"]
[BlackElo "2167"]
[PlyCount "49"]
[EventDate "2012.07.21"]
[EventType "team"]
[EventRounds "9"]
[EventCountry "POR"]
[Source "lmi"]
[SourceDate "2012.07.21"]

1. d4 g6 2. c4 Bg7 3. Nc3 d6 4. Nf3 e5 5. dxe5 dxe5 6. Qxd8+ Kxd8 7. Bg5+ f6 8.
O-O-O+ Ke8 9. Be3 c6 10. Ne4 Na6 11. Nd6+ Ke7 12. Bxa7 Nh6 13. Bb6 Nf5 14. c5
Nb4 15. e4 Nxa2+ 16. Kb1 Nxd6 17. Rxd6 f5 18. Bc4 fxe4 19. Ng5 Bf5 20. g4 Bxg4
21. Bxa2 Ra6 22. Be6 Be2 23. Rd7+ Kf6 24. h4 Bd3+ 25. Kc1 1-0

[Event "Portugal tch 2012 - Fase final"]
[Site "Matosinhos POR"]
[Date "2012.07.26"]
[Round "6.4"]
[White "Johannessen, Leif"]
[Black "Appel, Ralf"]
[Result "0-1"]
[WhiteElo "2507"]
[BlackElo "2535"]
[PlyCount "70"]
[EventDate "2012.07.21"]
[EventType "team"]
[EventRounds "9"]
[EventCountry "POR"]
[Source "lmi"]
[SourceDate "2012.07.21"]

1. d4 Nf6 2. c4 c6 3. Nc3 d5 4. Nf3 a6 5. a4 e6 6. g3 dxc4 7. Bg2 c5 8. dxc5
Qxd1+ 9. Nxd1 Nc6 10. Be3 Nd5 11. O-O Bd7 12. Rc1 c3 13. bxc3 Nxe3 14. Nxe3
Bxc5 15. Nc4 f6 16. Rb1 O-O-O 17. Rb2 Kc7 18. Rfb1 Rb8 19. Nd4 e5 20. Nxc6 bxc6
21. Na5 Rb6 22. Nc4 Rxb2 23. Rxb2 Rd8 24. Na5 Bb6 25. Nc4 Be6 26. Nd2 Ba5 27.
Rc2 Bf5 28. e4 Bc8 29. Bf1 Bxc3 30. Nb3 Bb4 31. Kg2 a5 32. Bc4 Rd1 33. Nc1 Rd4
34. Nd3 Bd6 35. Kf3 f5 0-1

[Event "Portugal tch 2012 - Fase final"]
[Site "Matosinhos POR"]
[Date "2012.07.26"]
[Round "6.4"]
[White "Hoffmann, Michael"]
[Black "Dias, Paulo"]
[Result "1/2-1/2"]
[WhiteElo "2482"]
[BlackElo "2440"]
[PlyCount "39"]
[EventDate "2012.07.21"]
[EventType "team"]
[EventRounds "9"]
[EventCountry "POR"]
[Source "lmi"]
[SourceDate "2012.07.21"]

1. d4 Nf6 2. c4 e6 3. Nc3 d5 4. Bg5 Be7 5. e3 O-O 6. Nf3 Nbd7 7. Qc2 c6 8. cxd5
exd5 9. Bd3 Re8 10. O-O Nf8 11. Rae1 Ne4 12. Bxe7 Qxe7 13. Bxe4 dxe4 14. Nd2 f5
15. f3 exf3 16. Nxf3 Be6 17. e4 fxe4 18. Rxe4 Qd6 19. Re5 Bd5 20. Nxd5 1/2-1/2

[Event "Portugal tch 2012 - Fase final"]
[Site "Matosinhos POR"]
[Date "2012.07.26"]
[Round "6.4"]
[White "Andrade, José Manuel"]
[Black "Hammes, Michael"]
[Result "1/2-1/2"]
[WhiteElo "2244"]
[BlackElo "2377"]
[PlyCount "156"]
[EventDate "2012.07.21"]
[EventType "team"]
[EventRounds "9"]
[EventCountry "POR"]
[Source "lmi"]
[SourceDate "2012.07.21"]

1. e4 e6 2. d4 d5 3. exd5 exd5 4. c4 Nf6 5. Nc3 Be7 6. Bd3 dxc4 7. Bxc4 O-O 8.
Nge2 Nbd7 9. O-O Nb6 10. Bb3 c6 11. Re1 Nfd5 12. a3 Be6 13. Ne4 Re8 14. Qd3 Nd7
15. Bd2 Nf8 16. Nc5 Bxc5 17. dxc5 Nf4 18. Qxd8 Nxe2+ 19. Rxe2 Rexd8 20. Bxe6
Nxe6 21. Be3 Rd3 22. Kf1 Rad8 23. Rc1 f5 24. g3 Kf7 25. Rce1 Rd1 26. Rc2 g5 27.
Rc4 Rxe1+ 28. Kxe1 Kf6 29. f4 g4 30. Ke2 Rd7 31. Rc3 Nc7 32. Rb3 Ne8 33. Bd2
Re7+ 34. Kd3 Ke6 35. Kc4 Nf6 36. Bc3 Ne4 37. Be1 Rd7 38. a4 Rd1 39. Bc3 Rd7 40.
a5 a6 41. Bb4 Rd5 42. Re3 Rd1 43. Bc3 h5 44. Re1 Rd7 45. Re2 Rd5 46. Bd4 Kf7
47. b4 Kg6 48. Kd3 h4 49. gxh4 Kh5 50. Rxe4 fxe4+ 51. Kxe4 Kg6 52. Be5 Rd1 53.
f5+ Kh5 54. Bg3 Rd5 55. Kf4 Kh6 56. Kxg4 Kg7 57. Kg5 Rd1 58. h5 Rf1 59. f6+ Kh7
60. h6 Rf3 61. Bf4 Kg8 62. Be5 Kf7 63. Bg3 Rd3 64. Bd6 Re3 65. h4 Re8 66. h7
Rh8 67. Kh6 Re8 68. Be7 Rh8 69. Bd6 Re8 70. Bf4 Rh8 71. Bd2 Re8 72. Kh5 Rh8 73.
Kg5 Rxh7 74. h5 Rh8 75. h6 Rd8 76. h7 Rd5+ 77. Kg4 Rd8 78. Kg5 Rd5+ 1/2-1/2

[Event "Portugal tch 2012 - Fase final"]
[Site "Matosinhos POR"]
[Date "2012.07.26"]
[Round "6.4"]
[White "Swinkels, Robin"]
[Black "Leite, Catarina"]
[Result "1-0"]
[WhiteElo "2485"]
[BlackElo "2175"]
[PlyCount "81"]
[EventDate "2012.07.21"]
[EventType "team"]
[EventRounds "9"]
[EventCountry "POR"]
[Source "lmi"]
[SourceDate "2012.07.21"]

1. d4 d5 2. c4 c6 3. Nf3 Nf6 4. e3 e6 5. b3 Be7 6. Bd3 O-O 7. O-O b6 8. Bb2 Bb7
9. Nc3 dxc4 10. bxc4 c5 11. Qe2 a6 12. Rad1 Qc7 13. d5 exd5 14. Nxd5 Nxd5 15.
cxd5 Rd8 16. Ne5 Bf6 17. Bxh7+ Kxh7 18. d6 Rxd6 19. Rxd6 Qxd6 20. Qh5+ Kg8 21.
Qxf7+ Kh7 22. Qg6+ Kg8 23. Ng4 Kf8 24. Bxf6 gxf6 25. Nh6 Bd5 26. Nf5 Qe6 27.
Qh6+ Kf7 28. Qh7+ Kf8 29. Rd1 Nc6 30. Qh6+ Kf7 31. Qh7+ Kf8 32. e4 Nd4 33. Qh6+
Kf7 34. Qh7+ Kf8 35. Qg7+ Ke8 36. exd5 Qe2 37. Nd6+ Kd8 38. Nb7+ Kc8 39. Nd6+
Kd8 40. Rf1 Rb8 41. Qa7 1-0

[Event "Portugal tch 2012 - Fase final"]
[Site "Matosinhos POR"]
[Date "2012.07.26"]
[Round "6.5"]
[White "Korneev, Oleg"]
[Black "Vasques, António"]
[Result "1-0"]
[WhiteElo "2577"]
[BlackElo "2214"]
[PlyCount "57"]
[EventDate "2012.07.21"]
[EventType "team"]
[EventRounds "9"]
[EventCountry "POR"]
[Source "lmi"]
[SourceDate "2012.07.21"]

1. e4 c5 2. c3 Nf6 3. e5 Nd5 4. d4 cxd4 5. Nf3 e6 6. cxd4 d6 7. Bc4 Nb6 8. Bd3
Be7 9. O-O Nc6 10. a3 O-O 11. Nc3 Nd7 12. exd6 Bxd6 13. Re1 Nf6 14. Bg5 Be7 15.
Bb1 b6 16. Qd3 g6 17. Ba2 Bb7 18. Rad1 Rc8 19. h4 Nd5 20. Nxd5 Bxg5 21. Nxb6
Qxb6 22. hxg5 Qxb2 23. Bxe6 fxe6 24. Rb1 Rxf3 25. Qxf3 Nxd4 26. Qxb7 Ne2+ 27.
Rxe2 Rc1+ 28. Rxc1 Qxb7 29. Rec2 1-0

[Event "Portugal tch 2012 - Fase final"]
[Site "Matosinhos POR"]
[Date "2012.07.26"]
[Round "6.5"]
[White "Teixeira, Rafael"]
[Black "Ftácnik, Lubomír"]
[Result "0-1"]
[WhiteElo "2107"]
[BlackElo "2516"]
[PlyCount "34"]
[EventDate "2012.07.21"]
[EventType "team"]
[EventRounds "9"]
[EventCountry "POR"]
[Source "lmi"]
[SourceDate "2012.07.21"]

1. e4 c5 2. Nf3 d6 3. d4 Nf6 4. Nc3 cxd4 5. Qxd4 a6 6. Bg5 Nc6 7. Qd2 Bd7 8.
O-O-O b5 9. Qf4 Ng4 10. Rxd6 h6 11. Rxc6 Bxc6 12. Qxg4 hxg5 13. Nxg5 Qc8 14.
Qf4 f6 15. e5 fxg5 16. Qxg5 Qe6 17. Bd3 Qh6 0-1

[Event "Portugal tch 2012 - Fase final"]
[Site "Matosinhos POR"]
[Date "2012.07.26"]
[Round "6.5"]
[White "Pereira, Ruben"]
[Black "Sousa, Ricardo"]
[Result "1-0"]
[WhiteElo "2417"]
[BlackElo "2101"]
[PlyCount "51"]
[EventDate "2012.07.21"]
[EventType "team"]
[EventRounds "9"]
[EventCountry "POR"]
[Source "lmi"]
[SourceDate "2012.07.21"]

1. e3 Nf6 2. b3 g6 3. Bb2 Bg7 4. c4 O-O 5. Nc3 d6 6. d4 Nbd7 7. Nf3 e5 8. Be2
e4 9. Nd2 Re8 10. Qc2 Qe7 11. O-O c6 12. b4 Nf8 13. a4 h5 14. a5 N8h7 15. b5
Bf5 16. a6 bxa6 17. bxc6 Ng4 18. Ba3 Rad8 19. Nd5 Qh4 20. Bxg4 hxg4 21. c7 Rd7
22. Rab1 Ng5 23. Rb8 Nf3+ 24. Nxf3 gxf3 25. Rxe8+ Kh7 26. g3 1-0

[Event "Portugal tch 2012 - Fase final"]
[Site "Matosinhos POR"]
[Date "2012.07.26"]
[Round "6.5"]
[White "Parreira, André"]
[Black "Peña Gomez, Manuel"]
[Result "0-1"]
[WhiteElo "1786"]
[BlackElo "2408"]
[PlyCount "50"]
[EventDate "2012.07.21"]
[EventType "team"]
[EventRounds "9"]
[EventCountry "POR"]
[Source "lmi"]
[SourceDate "2012.07.21"]

1. Nf3 c5 2. e4 e6 3. g3 Nc6 4. Bg2 Nf6 5. d3 d5 6. O-O Be7 7. Nbd2 O-O 8. c3
b5 9. Nh4 b4 10. c4 dxe4 11. Nxe4 Nxe4 12. Bxe4 Bb7 13. Ng2 Qd7 14. Be3 Rad8
15. Nf4 g6 16. h4 Rfe8 17. h5 g5 18. h6 f5 19. Bxf5 exf5 20. Nd5 Nd4 21. Bxd4
cxd4 22. Nxe7+ Qxe7 23. Qh5 Qf6 24. Rfe1 Qg6 25. Qh3 Qc6 0-1

[Event "Portugal tch 2012 - Fase final"]
[Site "Matosinhos POR"]
[Date "2012.07.27"]
[Round "7.1"]
[White "Vasques, António"]
[Black "Rocha, Sérgio"]
[Result "0-1"]
[WhiteElo "2214"]
[BlackElo "2404"]
[PlyCount "90"]
[EventDate "2012.07.21"]
[EventType "team"]
[EventRounds "9"]
[EventCountry "POR"]
[Source "lmi"]
[SourceDate "2012.07.21"]

1. e4 Nc6 2. d4 e6 3. Nf3 d5 4. Nc3 Nf6 5. Bg5 Bb4 6. e5 h6 7. Bd2 Ne4 8. Nxe4
dxe4 9. Bxb4 Nxb4 10. Nd2 Qxd4 11. c3 Nd3+ 12. Bxd3 Qxd3 13. Qe2 Bd7 14. Qxe4
Qxe4+ 15. Nxe4 Bc6 16. Nd2 Rd8 17. Ke2 Ke7 18. Rhd1 Rd5 19. f4 Rhd8 20. Nf3
Rxd1 21. Rxd1 Bxf3+ 22. gxf3 Rxd1 23. Kxd1 Kf8 24. Kd2 Kg8 25. Kd3 Kh7 26. a4
Kg6 27. Ke4 Kh5 28. Ke3 Kh4 29. Kf2 Kh3 30. Kg1 c5 31. b4 c4 32. a5 a6 33. Kh1
g6 34. Kg1 g5 35. fxg5 hxg5 36. Kh1 g4 37. fxg4 Kxg4 38. Kg2 Kf4 39. Kf2 Kxe5
40. Ke3 f5 41. h4 f4+ 42. Kf3 Kf5 43. h5 e5 44. h6 e4+ 45. Kf2 Kg6 0-1

[Event "Portugal tch 2012 - Fase final"]
[Site "Matosinhos POR"]
[Date "2012.07.27"]
[Round "7.1"]
[White "Damaso, Rui"]
[Black "Teixeira, Rafael"]
[Result "1-0"]
[WhiteElo "2365"]
[BlackElo "2107"]
[PlyCount "38"]
[EventDate "2012.07.21"]
[EventType "team"]
[EventRounds "9"]
[EventCountry "POR"]
[Source "lmi"]
[SourceDate "2012.07.21"]

1. Nf3 g6 2. g3 Bg7 3. d4 Nf6 4. Bg2 O-O 5. O-O d6 6. a4 Nbd7 7. Nc3 d5 8. Bf4
a6 9. a5 b6 10. Ne5 Bb7 11. Nxd7 Qxd7 12. axb6 cxb6 13. Na4 Qc6 14. c4 b5 15.
cxd5 Nxd5 16. Rc1 bxa4 17. Rxc6 Bxc6 18. Bg5 h6 19. Bd2 Rfc8 1-0

[Event "Portugal tch 2012 - Fase final"]
[Site "Matosinhos POR"]
[Date "2012.07.27"]
[Round "7.1"]
[White "Sousa, Ricardo"]
[Black "Ulyanovskyy, Viktor"]
[Result "1-0"]
[WhiteElo "2101"]
[BlackElo "2290"]
[PlyCount "143"]
[EventDate "2012.07.21"]
[EventType "team"]
[EventRounds "9"]
[EventCountry "POR"]
[Source "lmi"]
[SourceDate "2012.07.21"]

1. Nf3 c5 2. g3 g6 3. Bg2 Bg7 4. O-O Nc6 5. d3 d6 6. e4 e5 7. Nbd2 Nge7 8. a4
h6 9. Nc4 O-O 10. c3 Be6 11. Qe2 f5 12. Bd2 f4 13. b4 g5 14. b5 Nb8 15. Ne1 g4
16. f3 h5 17. Nc2 Ng6 18. d4 Qe7 19. d5 Bc8 20. Rf2 Bh6 21. Raf1 Nd7 22. fxg4
h4 23. g5 Bxg5 24. Qh5 Kg7 25. Nxd6 hxg3 26. hxg3 Nb6 27. Nf5+ Rxf5 28. exf5
Bxf5 29. gxf4 exf4 30. d6 Qf6 31. Bxf4 Bxf4 32. Rxf4 Nxf4 33. Rxf4 Bg6 34. Rg4
Nd7 35. Ne3 Ne5 36. Nf5+ Kf7 37. Bd5+ Ke8 38. Rxg6 Qxg6+ 39. Qxg6+ Nxg6 40.
Bxb7 Rb8 41. Bc6+ Kf7 42. Ng3 Ke6 43. Ne4 c4 44. Kf2 Nh4 45. d7 Rf8+ 46. Ke2
Ng6 47. Ke3 Ke7 48. Kd4 Rf4 49. Kd5 Rf5+ 50. Kd4 Rf4 51. a5 Rf1 52. Nc5 Nf8 53.
b6 axb6 54. axb6 Rb1 55. b7 Rb6 56. Kxc4 Rxc6 57. d8=Q+ Kxd8 58. b8=Q+ Ke7 59.
Qe5+ Ne6 60. Qxe6+ Rxe6 61. Nxe6 Kxe6 62. Kb5 Kd7 63. Kb6 Kc8 64. c4 Kb8 65. c5
Kc8 66. Kc6 Kb8 67. Kd7 Kb7 68. c6+ Kb8 69. c7+ Ka7 70. c8=Q Kb6 71. Qc4 Ka5
72. Qb3 1-0

[Event "Portugal tch 2012 - Fase final"]
[Site "Matosinhos POR"]
[Date "2012.07.27"]
[Round "7.1"]
[White "Ulyanovskyy, Volodimir"]
[Black "Pereira, Ricardo"]
[Result "1/2-1/2"]
[WhiteElo "2073"]
[BlackElo "1946"]
[PlyCount "53"]
[EventDate "2012.07.21"]
[EventType "team"]
[EventRounds "9"]
[EventCountry "POR"]
[Source "lmi"]
[SourceDate "2012.07.21"]

1. e4 c5 2. c4 Nc6 3. Ne2 g6 4. d4 cxd4 5. Nxd4 Bg7 6. Be3 Nf6 7. Nc3 d6 8. Be2
O-O 9. O-O Nxd4 10. Bxd4 Be6 11. Rc1 Re8 12. Qd2 Qa5 13. Be3 Rac8 14. b3 a6 15.
f3 Nd7 16. Rfd1 Nf6 17. Na4 Qxd2 18. Rxd2 Nd7 19. Rdc2 Rc6 20. Nb2 Rec8 21. Nd3
f5 22. exf5 gxf5 23. f4 R6c7 24. Ne1 Nc5 25. Nf3 Bd7 26. Re1 Bc6 27. Bxc5
1/2-1/2

[Event "Portugal tch 2012 - Fase final"]
[Site "Matosinhos POR"]
[Date "2012.07.27"]
[Round "7.2"]
[White "Hammes, Michael"]
[Black "Pereira, Ruben"]
[Result "1/2-1/2"]
[WhiteElo "2377"]
[BlackElo "2417"]
[PlyCount "40"]
[EventDate "2012.07.21"]
[EventType "team"]
[EventRounds "9"]
[EventCountry "POR"]
[Source "lmi"]
[SourceDate "2012.07.21"]

1. d4 Nf6 2. c4 e6 3. Nf3 b6 4. e3 Bb7 5. Bd3 d5 6. O-O Bd6 7. b3 O-O 8. Bb2
Nbd7 9. Nbd2 Qe7 10. Ne5 c5 11. Qe2 Rac8 12. Rad1 Rfd8 13. Rfe1 Bb8 14. Nxd7
Rxd7 15. dxc5 bxc5 16. cxd5 Nxd5 17. Nc4 Nb4 18. Bb1 Rcd8 19. Rxd7 Rxd7 20. a3
Nc6 1/2-1/2

[Event "Portugal tch 2012 - Fase final"]
[Site "Matosinhos POR"]
[Date "2012.07.27"]
[Round "7.2"]
[White "Peña Gomez, Manuel"]
[Black "Swinkels, Robin"]
[Result "1/2-1/2"]
[WhiteElo "2408"]
[BlackElo "2485"]
[PlyCount "55"]
[EventDate "2012.07.21"]
[EventType "team"]
[EventRounds "9"]
[EventCountry "POR"]
[Source "lmi"]
[SourceDate "2012.07.21"]

1. g3 d5 2. Bg2 c5 3. c4 e6 4. Nf3 Nc6 5. O-O Be7 6. cxd5 exd5 7. d4 Nf6 8. Nc3
O-O 9. dxc5 Bxc5 10. b3 Re8 11. Bb2 Bg4 12. Rc1 Bf8 13. h3 Bh5 14. Nd4 Nxd4 15.
Qxd4 Bxe2 16. Rfe1 Ba6 17. Nxd5 Nxd5 18. Bxd5 Qd6 19. Red1 Re2 20. Qc3 Qg6 21.
Bf3 Re7 22. Re1 Rxe1+ 23. Rxe1 Rd8 24. Kg2 Qd6 25. Rd1 Qb8 26. Rc1 b6 27. Qc7
Bc5 28. Qxb8 1/2-1/2

[Event "Portugal tch 2012 - Fase final"]
[Site "Matosinhos POR"]
[Date "2012.07.27"]
[Round "7.3"]
[White "Padeiro, José"]
[Black "Andrade, José Manuel"]
[Result "0-1"]
[WhiteElo "2354"]
[BlackElo "2244"]
[PlyCount "144"]
[EventDate "2012.07.21"]
[EventType "team"]
[EventRounds "9"]
[EventCountry "POR"]
[Source "lmi"]
[SourceDate "2012.07.21"]

1. d4 Nf6 2. c4 e6 3. Nf3 b6 4. e3 Bb7 5. Bd3 c5 6. O-O cxd4 7. exd4 d5 8. Ne5
dxc4 9. Bxc4 Be7 10. Bb5+ Nfd7 11. Qe2 O-O 12. Nc3 Nf6 13. Rd1 a6 14. Ba4 b5
15. Bb3 Nbd7 16. d5 Nxe5 17. dxe6 Qc7 18. Bf4 Qc6 19. Nd5 Ng6 20. exf7+ Kh8 21.
Bg5 Bd8 22. Rac1 Qxd5 23. Bxd5 Nxd5 24. Qg4 Bxg5 25. Qxg5 Ndf4 26. f3 Ne2+ 27.
Kf2 Nxc1 28. Rxc1 Rxf7 29. h4 Nf4 30. Rd1 Raf8 31. Rd8 Kg8 32. Rxf8+ Rxf8 33.
Qe7 Bd5 34. b3 h6 35. Qd6 Rf6 36. Qd8+ Rf8 37. Qd6 Rf6 38. Qd8+ Rf8 39. Qd6 Bb7
40. Qe7 Rf7 41. Qe8+ Rf8 42. Qe7 Bc8 43. Qd6 Ne6 44. Kg3 Kf7 45. Qe5 Ke7 46.
Qe3 Rd8 47. Qa7+ Rd7 48. Qe3 Rd4 49. Qc3 Bd7 50. Qe3 Kd6 51. Qc3 b4 52. Qe3 Bb5
53. Qf2 Kd5 54. Qe3 g5 55. hxg5 hxg5 56. Qc1 Bd7 57. Qf1 Nf4 58. Qxa6 Rd2 59.
Qa8+ Kd4 60. Qe4+ Kc3 61. Qe5+ Kc2 62. Kh2 Rxg2+ 63. Kh1 Bh3 64. Qe4+ Kb2 65.
Qd4+ Kc2 66. Qc4+ Kd1 67. Qd4+ Ke2 68. Qe4+ Kf2 69. Qxb4 Kg3 70. Qe1+ Rf2 71.
Kg1 Ne2+ 72. Kh1 Bg2# 0-1

[Event "Portugal tch 2012 - Fase final"]
[Site "Matosinhos POR"]
[Date "2012.07.27"]
[Round "7.3"]
[White "Leite, Catarina"]
[Black "Rubio Mejía, Luis"]
[Result "1-0"]
[WhiteElo "2175"]
[BlackElo "2428"]
[PlyCount "121"]
[EventDate "2012.07.21"]
[EventType "team"]
[EventRounds "9"]
[EventCountry "POR"]
[Source "lmi"]
[SourceDate "2012.07.21"]

1. e4 c5 2. Nc3 d6 3. g3 Nc6 4. Bg2 g6 5. d3 Bg7 6. Be3 Rb8 7. Qd2 b5 8. f4 b4
9. Nd1 e6 10. Ne2 Nd4 11. Nc1 Ne7 12. c3 bxc3 13. bxc3 Ndc6 14. O-O O-O 15. g4
f5 16. h3 Ba6 17. Ne2 Qb6 18. Ng3 Qb5 19. Nf2 Qb2 20. Rfc1 Qxd2 21. Bxd2 Rb2
22. Be3 Na5 23. gxf5 exf5 24. e5 dxe5 25. Bxc5 exf4 26. Bxe7 fxg3 27. Bd5+ Kh8
28. Nd1 Re2 29. Bxf8 Bxf8 30. d4 Nc4 31. Rcb1 Re1+ 32. Kg2 Rxd1 33. Rxd1 Ne3+
34. Kxg3 Nxd5 35. Rdc1 Bc4 36. Rab1 Bd6+ 37. Kf3 Nb6 38. Re1 Bd5+ 39. Kf2 Be4
40. Rb2 Kg7 41. Rbe2 Bd5 42. Re7+ Bxe7 43. Rxe7+ Kf6 44. Rxa7 Kg5 45. a4 Kf4
46. a5 Nc4 47. a6 g5 48. Rxh7 g4 49. hxg4 fxg4 50. Rd7 g3+ 51. Kg1 Be4 52. a7
Nd2 53. Rf7+ Kg4 54. Rf8 Nf3+ 55. Kf1 Ng5 56. Rg8 Kh4 57. c4 Bd3+ 58. Ke1 g2
59. Rxg5 Kxg5 60. Kf2 Be4 61. d5 1-0

[Event "Portugal tch 2012 - Fase final"]
[Site "Matosinhos POR"]
[Date "2012.07.27"]
[Round "7.4"]
[White "Andres Gonzalez, Ivan"]
[Black "Kolosowski, Mateusz"]
[Result "0-1"]
[WhiteElo "2324"]
[BlackElo "2413"]
[PlyCount "104"]
[EventDate "2012.07.21"]
[EventType "team"]
[EventRounds "9"]
[EventCountry "POR"]
[Source "lmi"]
[SourceDate "2012.07.21"]

1. Nf3 Nf6 2. c4 e6 3. g3 d5 4. Bg2 dxc4 5. O-O Nbd7 6. Qa4 a6 7. Qxc4 b5 8.
Qc2 Bb7 9. d4 Be7 10. Rd1 Be4 11. Qb3 c5 12. dxc5 Bd5 13. Qc2 Bxc5 14. Nc3 Qb6
15. e3 Bc6 16. Ng5 Bxg2 17. Kxg2 h6 18. Nge4 O-O 19. Nxf6+ Nxf6 20. a3 Rac8 21.
Qe2 Rc7 22. Bd2 Rfc8 23. Be1 Nd7 24. Ne4 Be7 25. Bc3 f5 26. Nd2 Bf6 27. Nb1 Ne5
28. Nd2 Nd7 29. Nb1 a5 30. Qd2 Qb7+ 31. f3 Ne5 32. Qf2 Ng4 33. Qe2 Bg5 34. Rd3
b4 35. axb4 axb4 36. Bd2 Rc2 37. Rb3 Rd8 38. h4 Qd5 39. Rxb4 Bxe3 40. Rb5 Qc6
41. Kh3 Rcxd2 42. Nxd2 Rxd2 43. Rb8+ Kh7 44. Qxd2 Bxd2 45. fxg4 fxg4+ 46. Kxg4
h5+ 47. Kh3 Bc1 48. Kh2 Qc2+ 49. Kh3 Bxb2 50. Ra5 Qe2 51. Rbb5 e5 52. Rc5 Qf1+
0-1

[Event "Portugal tch 2012 - Fase final"]
[Site "Matosinhos POR"]
[Date "2012.07.27"]
[Round "7.4"]
[White "Butkiewicz, Lukasz"]
[Black "Diogo, Vasco"]
[Result "1-0"]
[WhiteElo "2402"]
[BlackElo "2261"]
[PlyCount "75"]
[EventDate "2012.07.21"]
[EventType "team"]
[EventRounds "9"]
[EventCountry "POR"]
[Source "lmi"]
[SourceDate "2012.07.21"]

1. e4 c5 2. Nf3 d6 3. d4 cxd4 4. Nxd4 Nf6 5. Nc3 a6 6. Bg5 e6 7. f4 Nbd7 8. Qf3
Qc7 9. O-O-O b5 10. Bd3 b4 11. Nd5 exd5 12. exd5 Bb7 13. Rhe1+ Kd8 14. Nc6+
Bxc6 15. dxc6 Nc5 16. Bc4 Rc8 17. Qd5 Ne6 18. Bxf6+ gxf6 19. Bxa6 Qxc6 20. Bxc8
Qxd5 21. Rxd5 Kxc8 22. Rf5 Bg7 23. Re4 Nc5 24. Rxb4 Re8 25. Rd4 Kc7 26. b4 Nb7
27. a4 Re1+ 28. Kb2 d5 29. c3 Nd6 30. Rfxd5 Bf8 31. a5 f5 32. a6 Re6 33. Ra5
Kb8 34. a7+ Ka8 35. Kb3 Bg7 36. Rd3 Nb7 37. Rxf5 Re7 38. Rfd5 1-0

[Event "Portugal tch 2012 - Fase final"]
[Site "Matosinhos POR"]
[Date "2012.07.27"]
[Round "7.4"]
[White "Rodrigues, Afonso"]
[Black "Taboas Rodriguez, Daniel"]
[Result "0-1"]
[WhiteElo "2167"]
[BlackElo "2401"]
[PlyCount "130"]
[EventDate "2012.07.21"]
[EventType "team"]
[EventRounds "9"]
[EventCountry "POR"]
[Source "lmi"]
[SourceDate "2012.07.21"]

1. d4 Nf6 2. Bf4 c5 3. e3 g6 4. c3 b6 5. Nf3 Bg7 6. Be2 O-O 7. h3 Bb7 8. Nbd2
d6 9. O-O Ne4 10. Nxe4 Bxe4 11. a4 Qc7 12. d5 Bxf3 13. Bxf3 c4 14. e4 Nd7 15.
Qe2 a6 16. Bg4 Nf6 17. Bg5 b5 18. Kh1 Rab8 19. axb5 axb5 20. Bxf6 Bxf6 21. Qe3
b4 22. Ra6 bxc3 23. bxc3 Rb3 24. Rc6 Qa5 25. Rxc4 Rxc3 26. Rxc3 Qxc3 27. Qxc3
Bxc3 28. Rc1 Bd4 29. f4 Be3 30. Rf1 Rb8 31. e5 Rb5 32. exd6 exd6 33. Bf3 Bxf4
34. Rd1 Kg7 35. Rf1 Bg3 36. Be4 f5 37. Bf3 g5 38. Rd1 Kg6 39. Be2 Rb2 40. Bd3
Rb3 41. Ba6 h5 42. Bc8 Kf6 43. Rf1 f4 44. Rd1 Ke5 45. Be6 Rb7 46. Ra1 Rg7 47.
Kg1 g4 48. hxg4 hxg4 49. Ra4 Kf6 50. Kf1 Rg5 51. Ra1 Rh5 52. Kg1 f3 53. gxf3
gxf3 54. Rf1 f2+ 55. Kg2 Rg5 56. Kf3 Bh4 57. Ke2 Ke5 58. Rd1 Rg1 59. Rf1 Ke4
60. Bf7 Rg7 61. Be6 Ra7 62. Rd1 Ra3 63. Rf1 Re3+ 64. Kd2 Re1 65. Bh3 Ke5 0-1

[Event "Portugal tch 2012 - Fase final"]
[Site "Matosinhos POR"]
[Date "2012.07.27"]
[Round "7.5"]
[White "Strikovic, Aleksa"]
[Black "Garcia - Ortega Mendez, Jose M"]
[Result "1-0"]
[WhiteElo "2559"]
[BlackElo "2328"]
[PlyCount "69"]
[EventDate "2012.07.21"]
[EventType "team"]
[EventRounds "9"]
[EventCountry "POR"]
[Source "lmi"]
[SourceDate "2012.07.21"]

1. e4 e5 2. Nf3 Nc6 3. d4 exd4 4. Nxd4 Nf6 5. Nxc6 bxc6 6. e5 Qe7 7. Qe2 Nd5 8.
Nd2 g6 9. Nf3 Bg7 10. c4 Qb4+ 11. Qd2 Qxd2+ 12. Bxd2 Nb6 13. O-O-O a5 14. Bf4
h6 15. Bd3 Na4 16. Be3 Bf8 17. Bc2 Nc5 18. Nd4 Ba6 19. b3 Bb7 20. f4 d6 21.
exd6 Bxd6 22. f5 g5 23. h4 Bf4 24. Bxf4 gxf4 25. Rhe1+ Kf8 26. Ne2 Re8 27. Nxf4
Rxe1 28. Rxe1 Rg8 29. Re5 Nd7 30. Rxa5 Ke7 31. Ra7 Bc8 32. b4 Kd8 33. Ra3 Ne5
34. c5 Ke7 35. Re3 1-0

[Event "Portugal tch 2012 - Fase final"]
[Site "Matosinhos POR"]
[Date "2012.07.27"]
[Round "7.5"]
[White "Cabezas Ayala, Iván"]
[Black "Galego, Luis"]
[Result "1-0"]
[WhiteElo "2310"]
[BlackElo "2495"]
[PlyCount "181"]
[EventDate "2012.07.21"]
[EventType "team"]
[EventRounds "9"]
[EventCountry "POR"]
[Source "lmi"]
[SourceDate "2012.07.21"]

1. e4 c5 2. Nf3 a6 3. Be2 Nc6 4. d4 cxd4 5. Nxd4 Nf6 6. Nc3 e5 7. Nf5 d6 8. Bg5
Bxf5 9. exf5 Be7 10. Bxf6 Bxf6 11. Bf3 O-O 12. O-O Qd7 13. Be4 Rab8 14. Nd5 Kh8
15. Qh5 Ne7 16. Nxf6 gxf6 17. Qh4 Kg7 18. Rad1 d5 19. Rd3 Rh8 20. Rg3+ Ng6 21.
Rd1 Qa4 22. Rxd5 Rbd8 23. Qg4 Rxd5 24. Bxd5 Qxc2 25. h3 Rd8 26. Bb3 Qb1+ 27.
Kh2 Qxb2 28. fxg6 hxg6 29. Bxf7 Kxf7 30. Qxg6+ Ke6 31. Qg4+ Ke7 32. Rb3 Qxf2
33. Rxb7+ Kd6 34. Qc4 Qf4+ 35. Qxf4 exf4 36. Rb6+ Ke5 37. Rxa6 Rd2 38. Ra3 Kf5
39. Kg1 Kg5 40. Ra8 Rb2 41. a4 f3 42. g3 Kf5 43. Rg8 Rg2+ 44. Kf1 Ke4 45. a5
Ra2 46. Re8+ Kf5 47. Re3 Rxa5 48. Rxf3+ Kg5 49. Kg2 f5 50. h4+ Kh5 51. Rf2 Kg4
52. Rf4+ Kh5 53. Rd4 Ra3 54. Rd6 f4 55. Rd5+ Kg6 56. gxf4 Rb3 57. Rg5+ Kf6 58.
Rg3 Rb8 59. Ra3 Rh8 60. Kg3 Rg8+ 61. Kf3 Rg1 62. Ra6+ Kf5 63. Ra5+ Kf6 64. Rg5
Rf1+ 65. Kg4 Rg1+ 66. Kh5 Rf1 67. Rg4 Rh1 68. Rg8 Kf7 69. Rb8 Kf6 70. Ra8 Rg1
71. Rf8+ Ke7 72. Rf5 Ke6 73. Rg5 Rh1 74. Kg6 Rxh4 75. Re5+ Kd6 76. Kg5 Rh8 77.
Re4 Kd5 78. Re7 Rg8+ 79. Kh6 Rf8 80. Re5+ Kd6 81. Kg5 Rg8+ 82. Kh5 Rg1 83. Re2
Kd7 84. f5 Kd8 85. Kh6 Kd7 86. f6 Rg3 87. f7 Rf3 88. Kg7 Rg3+ 89. Kf8 Kd8 90.
Rd2+ Kc7 91. Rd4 1-0

[Event "Portugal tch 2012 - Fase final"]
[Site "Matosinhos POR"]
[Date "2012.07.27"]
[Round "7.5"]
[White "Cruz, Jorge"]
[Black "Guimarães, Jorge"]
[Result "0-1"]
[WhiteElo "2082"]
[BlackElo "2254"]
[PlyCount "56"]
[EventDate "2012.07.21"]
[EventType "team"]
[EventRounds "9"]
[EventCountry "POR"]
[Source "lmi"]
[SourceDate "2012.07.21"]

1. e4 c5 2. Nf3 Nc6 3. Bb5 Nf6 4. e5 Nd5 5. Nc3 Nc7 6. Bxc6 dxc6 7. d4 Bf5 8.
Be3 e6 9. Qe2 Nd5 10. Nxd5 Qxd5 11. c4 Qe4 12. Ng5 Qxg2 13. O-O-O Bg4 14. Qd2
Bxd1 15. Qxd1 cxd4 16. Rg1 Qxh2 17. Nf3 Qh3 18. Nxd4 O-O-O 19. Rg3 Qh4 20. Rg4
Qh5 21. Qf3 Bc5 22. Nxc6 Bxe3+ 23. fxe3 Rd7 24. Nxa7+ Kb8 25. Nb5 Rhd8 26. Nd4
Qxe5 27. Re4 Qc7 28. b3 Qh2 0-1